| 000 | 00418pab a2200157 454500 | ||
|---|---|---|---|
| 008 | 180718b1997 xxu||||| |||| 00| 0 eng d | ||
| 100 | _aNiraj Kumar | ||
| 245 | _aConstraints in the use of educational technology in agricultural education | ||
| 260 | _c1997 | ||
| 300 | _ap.11-13 | ||
| 362 | _a14 Jul | ||
| 650 | _aAgricultural education | ||
| 700 | _aTripathi, J.D. | ||
| 773 | _aUniversity News | ||
| 909 | _a34883 | ||
| 999 |
_c34883 _d34883 |
||